00425pab a2200145 454500008004000000100002300040245006100063260000900124300001300133362000800146650004300154650002800197700002100225773003300246180718b2014 xxu||||| |||| 00| 0 eng d aMondak, Jeffery J. aPersonality and political culture in the American states c2014 ap.26-41. aMar aUnited States - Poltics and government aPolitics and government aCanache, Damarys aPolitical Research Quarterly